Statistics for Famous Oscar Singers

Click here to take the quiz!

General Stats

  • This quiz has been taken 41 times
  • The average score is 12 of 28

Answer Stats

YearMovieSongSinger% Correct
20038 MileLose YourselfEminem
94%
2019A Star Is BornShallowLady Gaga
94%
2020Rocketman(I'm Gonna) Love Me AgainElton John
89%
1985The Woman in RedI Just Called to Say I Love YouStevie Wonder
86%
1994PhiladelphiaStreets of PhiladelphiaBruce Springsteen
86%
2012Despicable Me 2HappyPharrell Williams
83%
2013SkyfallSkyfallAdele
80%
1986White NightsSay You, Say MeLionel Richie
69%
1977A Star Is BornEvergreenBarbra Streisand
60%
2000TarzanYou'll Be in My HeartPhil Collins
60%
1972ShaftTheme from ShaftIsaac Hayes
54%
2017TrollsCan't Stop the Feeling!Justin Timberlake
54%
1996Toy StoryYou've Got a Friend In MeRandy Newman
54%
2016SpectreWriting's on the WallSam Smith
49%
1994Poetic JusticeAgainJanet Jackson
34%
2002The Lord of the Rings: The Fellowship
of the Ring
May It BeEnya
26%
2001Dancer In the DarkI've Seen It AllBjörk
23%
2016Fifty Shades of GreyEarned ItThe Weeknd
20%
2001Wonder BoysThings Have ChangedBob Dylan
17%
2012Mandela: Long Walk to FreedomOrdinary LoveU2 | Bono
17%
2006TransamericaTravelin' ThruDolly Parton
14%
2019Black PantherAll the StarsKendrick Lamar
11%
1989Working GirlLet the River RunCarly Simon
11%
2015SelmaGloryJohn Legend
11%
2002Vanilla SkyVanilla SkyPaul McCartney
9%
2004Cold MountainYou Will Be My Ain True LoveSting
9%
2017MoanaHow Far I'll GoLin-Manuel Miranda
9%
2018MudboundMighty RiverMary J. Blige
6%

Score Distribution

Percentile by Number Answered

Percent of People with Each Score

Your Score History

You have not taken this quiz